| 000 | 00460nam a22001577a 4500 | ||
|---|---|---|---|
| 008 | 160921b xxu||||| |||| 00| 0 eng d | ||
| 050 | _aBV2061.P47 1990 | ||
| 100 |
_aPettifer, Julian _926056 |
||
| 245 |
_aMissionaries _c/ Julian Pettifer and Richard Bradley |
||
| 260 |
_aLondon _bBBC Books _c1990 |
||
| 300 |
_a272p.; _c25cm. |
||
| 650 |
_aMillions _926057 |
||
| 650 |
_aMissionaries _926058 |
||
| 700 |
_aBradley, Richard _926108 |
||
| 942 |
_2lcc _cMONOGRAPH |
||
| 999 |
_c125311 _d125311 |
||